000 00323nam a2200133 i 4500
001 bg
100 1 _aWIĘCKOWSKI, Zbigniew
245 0 _aChemia w obsłudze samochodu /
_cZbigniew Więckowski.
260 _aWarszawa,
_c1976.
040 _cBPK
041 _apol
942 _cKS
008 s pl f |000 0 pol
999 _c26972
_d26972
856 _uhttp://koha.tu.koszalin.pl/cgi-bin/koha/opac-detail.pl?biblionumber=26972
_yKatalog online BPK